Congestion charge (Record no. 72317)

MARC details
000 -LEADER
fixed length control field 01128cam a2200229 4500
001 - CONTROL NUMBER
control field WB3911-15
008 - FIXED-LENGTH DATA ELEMENTS--GENERAL INFORMATION
fixed length control field 030318n2003 000 0 eng u
035 ## - SYSTEM CONTROL NUMBER
System control number (Sirsi) u121656
245 ## - TITLE STATEMENT
Title Congestion charge
260 ## - PUBLICATION, DISTRIBUTION, ETC.
Date of publication, distribution, etc. 2003
490 ## - SERIES STATEMENT
Series statement London First Centre News Release
Volume/sequential designation 17 March 2003, (2)
520 ## - SUMMARY, ETC.
Summary, etc. Details of a survey carried out to assess the support for the new congestion charge in London. Shows that 74% of those questioned thought the charge had worked with only 3% thinking it had not. The impact on business overall was generally positive with only a minority of 5% reporting a negative impact with the majority thinking the charge had no overall impact on their business. Includes details of the short questionnaire. For the London First News release: http://www.london-first.co.uk/press_centre/newsreleasedetail.asp?L2=106&NewsReleaseId=1904
590 ## - LOCAL NOTE (RLIN)
Local note WB
650 ## - SUBJECT ADDED ENTRY--TOPICAL TERM
Topical term or geographic name entry element LONDON
650 ## - SUBJECT ADDED ENTRY--TOPICAL TERM
Topical term or geographic name entry element CONGESTION CHARGE
650 ## - SUBJECT ADDED ENTRY--TOPICAL TERM
Topical term or geographic name entry element PUBLIC TRANSPORT
650 ## - SUBJECT ADDED ENTRY--TOPICAL TERM
Topical term or geographic name entry element BUSINESS STRATEGY
650 ## - SUBJECT ADDED ENTRY--TOPICAL TERM
Topical term or geographic name entry element LONDON FIRST
650 ## - SUBJECT ADDED ENTRY--TOPICAL TERM
Topical term or geographic name entry element TRANSPORT FOR LONDON
690 ## - LOCAL SUBJECT ADDED ENTRY--TOPICAL TERM (OCLC, RLIN)
Topical term or geographic name as entry element TRANSPORT AND COMMUNICATIONS
942 ## - ADDED ENTRY ELEMENTS (KOHA)
Suppress in OPAC 0
Holdings
Withdrawn status Lost status Source of classification or shelving scheme Damaged status Not for loan Home library Current library Shelving location Date acquired Total Checkouts Full call number Barcode Date last seen Copy number Price effective from Koha item type
    Dewey Decimal Classification     London London News article 18/03/2003   WB3911-15 121656-1001 06/08/2019 1 06/08/2019 News article